000 00262nam a2200085Ia 4500
245 0 _aTea time for the traditionally built
100 _a McCALL SMITH, Alexander Bath, 2009 Large print ed
_978144
942 _cBK
008 210818s9999 xx 000 0 und d
999 _c430917
_d430916